000 00233nam a22000857a 4500
008 161125b xxu||||| |||| 00| 0 eng d
100 _91444
_aNational Disaster Management
245 _aOliver twist text book ix
260 _aDelhi
_bCBSE
_c2007
999 _c4168
_d4168